河北省县级市 - Statistics

General Stats
  • This quiz has been taken 17 times
  • The average score is 13 of 21
Answers on the Map
Answers color-coded by a green-red scale on the quiz's map according to % correct below.
 
Answer Stats
Answer % Correct
高碑店市
93%
黄骅市
93%
三河市
93%
河间市
86%
涿州市
79%
霸州市
79%
辛集市
71%
滦州市
64%
武安市
64%
定州市
64%
任丘市
64%
南宫市
57%
平泉市
57%
泊头市
57%
遵化市
50%
迁安市
50%
沙河市
50%
深州市
50%
晋州市
43%
安国市
43%
新乐市
29%
No matching quizzes found
Score Distribution
Percent of People with Each Score
Percentile by Number Answered
Your Score History
You have not taken this quiz